000
00258nam a22001337a 4500
082
_a
823
_b
TOL/R
100
_a
TOLSTOY
245
_a
RESURRECTION
250
_a
THIRD
260
_b
PROGRESS PUBLISHERS
_c
1977
300
_a
584
650
_a
NOVEL
942
_c
BK
999
_c
3560
_d
3560